Language Quiz

Random Language or Letter Quiz

First Words 4+ Letters Quiz Stats

 Plays Quiz not verified by Sporcle

Score 0/26 Timer 03:00
0 Plays Today
Letter Group First 4+ Letter Words % Correct
AAardvark
85.7%
BBaal
38.1%
EEach
19%
CCabal
9.5%
DDabble
9.5%
JJabber
9.5%
NNaan
9.5%
HHabakkuk
4.8%
RRabbet
4.8%
WWacko
4.8%
XXanadu
4.8%
YYabber
4.8%
ZZabaglione
4.8%
Letter Group First 4+ Letter Words % Correct
FFabian
0%
GGabardine
0%
IIago
0%
KKaaba
0%
LLaager
0%
MMa'am
0%
OOakmoss
0%
PPa'anga
0%
QQintar
0%
SSaanen
0%
TTabanid
0%
UUbangi
0%
VVacancy
0%

You're not logged in!

Compare scores with friends on all Sporcle quizzes.
OR
Log In

Show Comments

Extras

Created Nov 18, 2010ReportNominate
Tags:Letter Quiz, dictionary, group

Top Quizzes Today


Score Distribution

Your Account Isn't Verified!

In order to create a playlist on Sporcle, you need to verify the email address you used during registration. Go to your Sporcle Settings to finish the process.

Report this User

Report this user for behavior that violates our Community Guidelines.

Details: